Countries in the Middle #3 - Statistics

General Stats
  • This quiz has been taken 8 times
  • The average score is 7 of 10
Answer Stats
Category Countries % Correct
Forested Area % Switzerland | Thailand | Germany | Guatemala | Ivory Coast | Sri Lanka | Norway | Saint Lucia | Italy | Greece | Cuba | France | Serbia | Jamaica | Poland
88%
Forested Area (in total) Bosnia and Herzegovina | Estonia | Czech Republic | Serbia | Bhutan | Costa Rica | Georgia | Sierra Leone | Lithuania | Solomon Islands | Hungary | Sri Lanka | Dominican Republic | Algeria | Guinea-Bissau
75%
Income Share Of Top 10% Gabon | Israel | Australia | Egypt | Bhutan | Uzbekistan | Thailand | Armenia | Jordan | Cyprus | Portugal | Vietnam | Liberia | Niger | Sierra Leone
75%
Exports Jordan | Bolivia | Zambia | Papua New Guinea | Honduras | Myanmar | Trinidad and Tobago | Dominican Republic | Turkmenistan | Mongolia | Equatorial Guinea | Botswana | Brunei | Kenya | Gabon
75%
Imports Cuba | Honduras | Paraguay | Libya | Uzbekistan | Ghana | Cambodia | Estonia | Venezuela | Democratic Republic of the Congo | Nepal | Bosnia and Herzegovina | El Salvador | Ivory Coast | Azerbaijan
63%
Agricultural Land (in total) Egypt | Benin | Togo | Guatemala | Sierra Leone | Nepal | Ireland | Japan | Portugal | Czech Republic | Serbia | Honduras | Sweden | Lithuania | Sri Lanka
63%
Health Expenditure Per Capita El Salvador | Jamaica | Belize | Georgia | Libya | Peru | Belarus | Paraguay | Equatorial Guinea | Albania | Azerbaijan | Kazakhstan | Algeria | Tunisia | Saint Vincent and the Grenadines
63%
Net Migration São Tomé and Principe | Solomon Islands | Madagascar | Guinea-Bissau | Moldova | Cape Verde | Suriname | North Macedonia | Libya | Togo | Benin | Comoros | Samoa | Uruguay | Gambia
63%
Percent of Internet Users Ukraine | Grenada | Algeria | Philippines | San Marino | Gabon | Columbia | Georgia | Seychelles | Mauritius | Cape Verde | Panama | Ecuador | Cuba | Nauru
50%
Agricultural Land % Vietnam | Serbia | Portugal | Chad | Andorra | Columbia | New Zealand | Jamaica | Slovakia | Mauritania | Switzerland | Ethiopia | Niger | Guatemala | Bolivia
50%
No matching quizzes found
Score Distribution
Percent of People with Each Score
Percentile by Number Answered
Your Score History
You have not taken this quiz